| 000 | 02592cam a2200301 i 4500 | ||
|---|---|---|---|
| 001 | 991106027323006196 | ||
| 005 | 20250616095315.0 | ||
| 008 | 190311s2020 mau g b 001 0 eng | ||
| 010 | _a2019011785 | ||
| 020 | _a9781509533169 | ||
| 035 | _a(UTL)13113142-01utoronto_inst | ||
| 035 | _a(SIRSI)13113142 | ||
| 035 | _a(OCoLC)1096236242 | ||
| 040 |
_aDLC _beng _erda _cDLC _dOCLCO _dYDX _dDLC _dOCLCF _dBDX _dNLHHG |
||
| 041 | _aeng | ||
| 042 | _apcc | ||
| 050 | 0 | 0 |
_aQ335 _b.G86 2019 |
| 100 |
_aGunkel, David J., _eauthor. _925397 |
||
| 245 | 1 | 3 |
_aAn introduction to communication and artificial intelligence / _cDavid J. Gunkel. |
| 264 | 1 |
_aMedford, MA : _bPolity Press, _c2020. |
|
| 300 |
_axviii, 363 pages : _billustrations ; _c24 cm |
||
| 504 | _aIncludes bibliographical references and index. | ||
| 505 | 0 | _aCommunication and AI — Basic concepts and terminology — Machine translation — Natural language processing — Computational creativity — Social robots — Social issues — Social responsibility and ethics. | |
| 520 |
_aCommunication and artificial intelligence (AI) are closely related. It is communication – particularly interpersonal conversational interaction – that provides AI with its defining test case and experimental evidence. Likewise, recent developments in AI introduce new challenges and opportunities for communication studies. Technologies such as machine translation of human languages, spoken dialogue systems like Siri, algorithms capable of producing publishable journalistic content, and social robots are all designed to communicate with users in a human-like way.
This timely and original textbook provides educators and students with a much-needed resource, connecting the dots between the science of AI and the discipline of communication studies. Clearly outlining the topic's scope, content and future, the text introduces key issues and debates, highlighting the importance and relevance of AI to communication studies. In lively and accessible prose, David Gunkel provides a new generation with the information, knowledge, and skills necessary to working and living in a world where social interaction is no longer restricted to humans.
The first work of its kind, <i>An Introduction to Communication and Artificial Intelligence</i> is the go-to textbook for students and scholars getting to grips with this crucial interdisciplinary topic. _cProvided by publisher. |
||
| 650 | 0 |
_aComputational intelligence _925147 |
|
| 650 | 0 |
_aNatural language processing (Computer science) _925398 |
|
| 942 | _2lcc | ||
| 999 |
_c4721 _d4721 |
||